000 00988nam0a22002771 4500
001 RU\INFOCOMM_322\NLR\5000181173
005 20260407071247.0
035 _a(NLR Aleph) 009571525
090 _a9132705
_c9132705
100 _a20130215d1954 |||y0rusy50 ca
101 1 _afre
_crus
102 _aRU
105 _ay z |||||
200 1 _aLes poupons du jardin d'acclimatation
_e[Poésies]
_fS. Marchak
_g[Trad. du russe par A. Orane]
_gIll. de E. Tcharouchine
210 _aM.
_cEd. en langues étrangères
_d1954
215 _a[24] с.
_cил.
_d29 см
225 1 _aLittérature soviétique pour l'enfance et l'adolescence
620 _aМосква
686 _aДл-фран. поэзия (Дошк.)
_2rubbk
700 1 _7ba
_8rus
_aMaršak
_bS. J.
_f1887-1964
_gSamuil Jakovlevič
_3RU\NLR\AUTH\770278106
_92650073
790 1 _9z01700
_aMarchak
_bS.
_4070
801 1 _aRU
_bInfocomm
_c20130215
801 0 _aRU
_bINFOCOMM
_gPSBO
852 _aNLR
_jДл01 Г-8/205
942 _cBOOK
980 _aNB